000 00452nam a22001937a 4500
005 20250219151905.0
008 220329b2001 xxu||||| |||| 00| 0 spa d
020 _a8480553553
041 _aESP
082 _aR 510.3 D545d
245 _aDiccionario de matemáticas
260 _aEspaña
260 _bCultural
260 _c2001
300 _a347 páginas
650 _aDICCIONARIOS
650 _aMATEMÁTICAS ELEMENTALES
942 _cREF
_2ddc
999 _c13300
_d13300